| Record ID | marc_loc_2016/BooksAll.2016.part40.utf8:35891645:1232 |
| Source | Library of Congress |
| Download Link | /show-records/marc_loc_2016/BooksAll.2016.part40.utf8:35891645:1232?format=raw |
LEADER: 01232cam a2200373 i 4500
001 2012410886
003 DLC
005 20130307092546.0
008 121204s2011 cc b 000 0 chi
010 $a 2012410886
020 $a9787566401441
020 $a7566401440
035 $a(OCoLC)ocn820079758
040 $aDLC$beng$cDLC$dDLC$erda
042 $apcc
043 $aa-cc---
050 00 $aP96.E252$bC625 2011
066 $c$1
100 1 $6880-01$aGuo, Quanzhong,$d1976-
245 10 $6880-02$aChuan mei ye da bian ju /$cGuo Quanzhong zhu.
246 1 $iCover [4] title also in pinyin :$aChuanmeiye da bianju
250 $6880-03$aDi 1 ban.
264 1 $6880-04$aHefei Shi :$bAnhui da xue chu ban she,$c2011.
300 $a4, 5, 199 pages ;$c23 cm
336 $atext$2rdacontent
337 $aunmediated$2rdamedia
338 $avolume$2rdacarrier
504 $aIncludes bibliographical references (pages 198-199).
650 0 $aMass Media$xEconomic aspects$zChina.
650 0 $aMass media$zChina$xMarketing.
880 1 $6100-01/$1$a郭全中,$d1976-
880 10 $6245-02/$1$a传媒业大变局 /$c郭全中著.
880 $6250-03/$1$a第 1 版.
880 1 $6264-04/$1$a合肥市 :$b安徽大学出版社,$c2011.